000 00559nam a2200217Ia 4500
003 OSt
005 20221005123450.0
006 a|||||r|||| 00| 0
007 ta
008 221004b |||||||| |||| 00| 0 tam d
024 _a51197
037 _cTextual
040 _aCRL
_cCRL
_btam
041 _2tam
_atam
082 _aP(3)31,J9, 31J9
100 _aSubramanyam
245 0 _aLifco tamil churukkezhuththu padapuththakam
650 _aLINGUISTICS
942 _hP(3)31,J9, 31J9
_cTEXL
_2cc
999 _c1047503
_d1047503